MEMPERKASA B40 : (Record no. 4922)

000 -LEADER
fixed length control field 01084nam a22002657a 4500
005 - DATE AND TIME OF LATEST TRANSACTION
control field 20220106140906.0
008 - FIXED-LENGTH DATA ELEMENTS--GENERAL INFORMATION
fixed length control field 220106b2021 my ||||| |||| 00| 0 my d
020 00 - INTERNATIONAL STANDARD BOOK NUMBER
International Standard Book Number 9789672388302
Terms of availability RM 28.00
040 ## - CATALOGING SOURCE
Original cataloging agency AKMAL
082 04 - DEWEY DECIMAL CLASSIFICATION NUMBER
Classification number 338.9009595 MEM
090 00 - LOCALLY ASSIGNED LC-TYPE CALL NUMBER (OCLC); LOCAL CALL NUMBER (RLIN)
Classification number (OCLC) (R) ; Classification number, CALL (RLIN) (NR) 338.9009595
Local cutter number (OCLC) ; Book number/undivided call number, CALL (RLIN) MEM
245 00 - TITLE STATEMENT
Title MEMPERKASA B40 :
Remainder of title ISU DAN STRATEGI SAINS SOSIAL /
Statement of responsibility, etc. disunting oleh Norizan Abdul Razak, Jalaluddin Abdul Malek, Suzana Shahar
264 #1 - PRODUCTION, PUBLICATION, DISTRIBUTION, MANUFACTURE, AND COPYRIGHT NOTICE
Place of production, publication, distribution, manufacture Bangi, Selangor :
Name of producer, publisher, distributor, manufacturer Penerbit Universiti Kebangsaan Malaysia,
Date of production, publication, distribution, manufacture, or copyright notice 2019
-- ©2019
300 ## - PHYSICAL DESCRIPTION
Extent 181 pages
Other physical details illustrations, photographs ;
Dimensions 23cm
500 ## - GENERAL NOTE
General note Includes index
504 ## - BIBLIOGRAPHY, ETC. NOTE
Bibliography, etc. note Bibliography: pages [159]-175
650 10 - SUBJECT ADDED ENTRY--TOPICAL TERM
Topical term or geographic name entry element Economic development
Geographic subdivision Malaysia
9 (RLIN) 9354
650 20 - SUBJECT ADDED ENTRY--TOPICAL TERM
Topical term or geographic name entry element Economics
General subdivision Sociological aspects
9 (RLIN) 9355
650 20 - SUBJECT ADDED ENTRY--TOPICAL TERM
Topical term or geographic name entry element Government publications
Geographic subdivision Malaysia
9 (RLIN) 9356
651 #0 - SUBJECT ADDED ENTRY--GEOGRAPHIC NAME
Geographic name Malaysia
General subdivision Economic conditions
9 (RLIN) 9357
700 0# - ADDED ENTRY--PERSONAL NAME
Personal name Norizan Abdul Razak,
Titles and other words associated with a name Prof.,
Relator term editor.
9 (RLIN) 9358
700 0# - ADDED ENTRY--PERSONAL NAME
Personal name Jalaluddin Abdul Malek,
Titles and other words associated with a name Prof. Madya,
Relator term editor.
9 (RLIN) 9359
700 0# - ADDED ENTRY--PERSONAL NAME
Personal name Suzana Shahar,
Titles and other words associated with a name Prof.,
Relator term editor.
9 (RLIN) 9360
942 ## - ADDED ENTRY ELEMENTS (KOHA)
Source of classification or shelving scheme
Koha item type Book
Holdings
Withdrawn status Lost status Source of classification or shelving scheme Damaged status Not for loan Collection code Home library Current library Shelving location Date acquired Inventory number Total Checkouts Full call number Barcode Date last seen Price effective from Koha item type
          NON-FICTION AKMAL Melaka AKMAL Melaka PINJAMAN 06.01.2022 011436   338.9009595 MEM 201708081 06.01.2022 06.01.2022 Book
Pusat Sumber Maklumat Dato' Haji Sarmin Md Hussin, Akademi Kastam Diraja Malaysia, Melaka
Tel: 06-2331106 | Faks: 06-2313787